000 00697nam a2200277Ia 4500
005 20260320195758.0
008 008 262003s9999 xx 000 0 hin d
020 _a9789390971374
037 _aEBOOK
040 _aCRL
040 _bhin
040 _cCRL
041 _2hin
041 _ahin
084 _qCRL
100 _aसारा शगुफ़्ता, सं. और अनु. अर्जुमंद आरा
_91133087
245 0 _aआँखें
250 _a1st
260 _bRajkamal
260 _c2022
300 _a128
856 _uhttps://ebook.indiaread.in/pdfs/9789390971374.pdf
942 _cEBOOK
999 _c1716458
_d1716458